Approche du scénario - 3e éd. (notice n° 1567291)
[ vue normale ]
| 000 -LEADER | |
|---|---|
| fixed length control field | 01182cam a2200133 4500500 |
| 005 - DATE AND TIME OF LATEST TRANSACTION | |
| control field | 20251214002642.0 |
| 041 ## - LANGUAGE CODE | |
| Language code of text/sound track or separate title | fre |
| 042 ## - AUTHENTICATION CODE | |
| Authentication code | dc |
| 100 10 - MAIN ENTRY--PERSONAL NAME | |
| Personal name | Parent-Altier, Dominique |
| Relator term | author |
| 245 00 - TITLE STATEMENT | |
| Title | Approche du scénario - 3e éd. |
| 260 ## - PUBLICATION, DISTRIBUTION, ETC. | |
| Name of publisher, distributor, etc. | Armand Colin,<br/> |
| Date of publication, distribution, etc. | 2019.<br/> |
| 520 ## - SUMMARY, ETC. | |
| Summary, etc. | "Comment écrire un scénario ?" est la question que se pose tout néophyte intéressé par cette écriture spécifique qui participe à l’élaboration d’un film. Texte écrit en vue d’être filmé, œuvre par définition invisible, le scénario se prête à une analyse rigoureuse déclinée ici à travers cinq grands axes : l’intrigue, le personnage, le conflit, la structure et la mise en page. Au-delà de règles prescriptives, cet ouvrage tente d’apporter au lecteur une compréhension cohérente de ces fondements du scénario. S’appuyant sur des exemples de films appartenant pour la plupart au cinéma populaire contemporain, ce livre explore les fonctions dramaturgiques, les principes et les traditions qui viennent nourrir l’écriture scénaristique. |
| 856 41 - ELECTRONIC LOCATION AND ACCESS | |
| Uniform Resource Identifier | <a href="https://shs.cairn.info/approche-du-scenario--9782200623593?lang=fr&redirect-ssocas=7080">https://shs.cairn.info/approche-du-scenario--9782200623593?lang=fr&redirect-ssocas=7080</a> |
Pas d'exemplaire disponible.




Réseaux sociaux